Music Quiz

Random Music or Color Quiz

Color Me Impressed (Song Titles) Quiz Stats

 Plays Quiz Updated May 7, 2021

Support Sporcle.
Go Orange.
Score 0/24 Timer 08:00
0 Plays Today
Artist Colorful Song % Correct
The BeatlesYellow Submarine
90.4%
Van MorrisonBrown Eyed Girl
78.3%
Carl Perkins/Elvis PresleyBlue Suede Shoes
73%
Neil Diamond, UB40Red Red Wine
63.2%
Rolling StonesPaint It Black
62%
Michael JacksonBlack or White
58.4%
Elton JohnGoodbye Yellow Brick Road
57.4%
Kermit the Frog (Jim Henson)Bein' Green
55.8%
Rolling StonesBrown Sugar
53.3%
PrinceLittle Red Corvette
52.2%
Nena99 Red Balloons
48.4%
Joni Mitchell, Counting CrowsBig Yellow Taxi
48.1%
Artist Colorful Song % Correct
Amy WinehouseBack to Black
46.9%
SoundgardenBlack Hole Sun
46.3%
Chris De BurghLady In Red
39.9%
DonovanMellow Yellow
37.7%
Jim CroceBad Bad Leroy Brown
36.3%
Roy Orbison/Linda RonstadtBlue Bayou
29.5%
Electric Light OrchestraMr. Blue Sky
28.8%
Crystal GayleDon't It Make My Brown Eyes Blue
27.2%
Booker T & The MGsGreen Onions
26.7%
MadonnaTrue Blue
25.1%
Creedence Clearwater RevivalGreen River
24.4%
Barry SadlerBallad Of The Green Berets
13.3%

You're not logged in!

Compare scores with friends on all Sporcle quizzes.
OR
Log In
Forgot?

From the Vault

Prepositions in Idioms III

by aduchscher

You'll be head _____ heels for this quiz.
Remove Ads.
Support Sporcle.
Get the best of Sporcle when you Go Orange. This ad-free experience offers more features, more stats, and more fun while also helping to support Sporcle. Thank you for becoming a member.

Show Comments

Extras

Top Quizzes Today


Score Distribution

Your Account Isn't Verified!

In order to create a playlist on Sporcle, you need to verify the email address you used during registration. Go to your Sporcle Settings to finish the process.

Report this User

Report this user for behavior that violates our Community Guidelines.

Details: